LEADER 00941nam a22002411i 4500 001 991002851319707536 005 20040407085327.0 008 040624s1932 xxua||||||||||||||||eng 035 $ab12987505-39ule_inst 035 $aARCHE-094518$9ExL 040 $aDip.to Beni Culturali$bita$cA.t.i. Arché s.c.r.l. Pandora Sicilia s.r.l. 082 04$a336.0938 100 1 $aFerguson, William Scott$0166478 245 14$aThe treasurers of Athena /$cby William Scott Ferguson 260 $aCambridge (Mass.) :$bHarvard university press,$c1932 300 $aIX, 198 p. :$bill. ;$c25 cm 651 4$aAtene$xFinanza pubblica$xAntichità 907 $a.b12987505$b02-04-14$c12-07-04 912 $a991002851319707536 945 $aLE001 SG VI 64$g1$i2001000040018$lle001$nC. 1$o-$pE0.00$q-$rl$s- $t0$u0$v0$w0$x0$y.i13592105$z12-07-04 996 $aTreasurers of Athena$9284237 997 $aUNISALENTO 998 $ale001$b12-07-04$cm$da $e-$feng$gxxu$h4$i1 LEADER 01437nas 2200445-a 450 001 996203962203316 005 20240413022410.0 035 $a(CKB)110978977285606 035 $a(CONSER)---83646036- 035 $a(EXLCZ)99110978977285606 100 $a19830929a19uu9999 --- a 101 0 $aeng 181 $ctxt$2rdacontent 182 $cc$2rdamedia 183 $acr$2rdacarrier 200 10$aInvestors chronicle 210 $a[London] $c[Financial Times Business Pub.] 215 $a1 online resource 311 08$aPrint version: Investors chronicle (London, England : 1983) 0261-3115 (DLC) 83646036 (OCoLC)9962065 531 $aINVESTORS CHRONICLE, THE 531 $aINVESTORS CHRONICLE & FINANCIAL WORLD 531 $aINVESTORS CHRONICLE, LONDON 531 1 $aInvestors chron. 606 $aInvestments$vPeriodicals 606 $aInvestments$zGreat Britain$vPeriodicals 606 $aInvestments$2fast$3(OCoLC)fst00978234 606 $aInvesteringen$2gtt 607 $aGreat Britain$2fast$1https://id.oclc.org/worldcat/entity/E39PBJdmp7p3cx8hpmJ8HvmTpP 608 $aPeriodicals.$2fast 608 $aPeriodicals.$2lcgft 615 0$aInvestments 615 0$aInvestments 615 7$aInvestments. 615 17$aInvesteringen. 676 $a332.6/05 906 $aNEWSPAPER 912 $a996203962203316 920 $aexl_impl conversion 996 $aInvestors chronicle$92221996 997 $aUNISA